Электрооптические дальномеры; Научно-техническая конференция, посвященная 60-летию начала занятий в институте; Ч. 4

Bibliografske podrobnosti
Parent link:Научно-техническая конференция, посвященная 60-летию начала занятий в институте: тезисы докладов
Ч. 4.— 1961.— С. 50-52
Glavni avtor: Елизаров В. М.
Jezik:ruščina
Izdano: 1961
Teme:
Format: Book Chapter
KOHA link:https://koha.lib.tpu.ru/cgi-bin/koha/opac-detail.pl?biblionumber=593452

MARC

LEADER 00000naa0a2200000 4500
001 593452
005 20250604113336.0
035 |a (RuTPU)RU\TPU\tpu\6777 
090 |a 593452 
100 |a 20011210d1961 k||y0rusy50 ca 
101 0 |a rus 
102 |a RU 
200 1 |a Электрооптические дальномеры  |f В. М. Елизаров 
461 |t Научно-техническая конференция, посвященная 60-летию начала занятий в институте  |o тезисы докладов 
463 |t Ч. 4  |v С. 50-52  |d 1961 
610 1 |a машиностроение 
610 1 |a труды учёных ТПУ 
610 1 |a машиноведение 
700 1 |a Елизаров  |b В. М. 
801 0 |a RU  |b 63413507  |c 20011210  |g PSBO 
801 2 |a RU  |b 63413507  |c 20210701  |g PSBO 
850 |a 63413507 
942 |c BK